00901 a2200181 4500003000500000005001700005020001800022040000900040082001600049100002700065245008800092250001200180260002500192300001800217505044600235650001900681651001900700Nust20220812140922.0 a812-97-0522-2 cNust a005.133,DOU aDouglass, Bruce Powel  aReal Time UML :bAdvances In The UML For Real-TIme System /cBruce Powel Douglass,  a3rd ed. aPearsonbIndiac2004 axlix, 694 p.: aIntroduction to the World of RealTime (Page-1), Object Orientation with (Page-77), Object Orientation with UML 2 0 (Page-139),UML Profile for Schedulability Performance (Page-215), Requirements Analysis of RealTime Systems (Page-277), Analysis Object Domain Analysis (Page-331), Analysis Defining Object Behavior(Page-399), Architectural Design(Page-473),Mechanistic Design (Page-527),Special Topic C4ISR Architecture and the UML (Page-617). aReal Time UML  aCovers UML 2.0